| 000 | 01107njm a2200337 c 4500 | ||
|---|---|---|---|
| 003 | BLK | ||
| 005 | 20220519081228.0 | ||
| 008 | 180410b bul||n||s|||||||| n|bulo| | ||
| 010 | _aCDD00003863000 | ||
| 040 | _aBLK | ||
| 041 |
_aITA _cDRU |
||
| 080 |
_aДруги видове песни. - Естрада, джаз. Стари градски. Рок-и попмузика. Чалга(поп-фолк) _b784.7 _x _z784.7 |
||
| 700 | 1 |
_aItalian Big Band _eизп. _913791 |
|
| 700 | 1 |
_aRenzi, Marco _eдиригент _922315 |
|
| 139 |
_aItalian Big Band [CD аудио] _bI 87 |
||
| 245 | 1 | 0 |
_aItalian Big Band [CD аудио] _cизп. Italian Big Band; диригент Marco Renzi. |
| 257 | _aITA | ||
| 260 |
_аLivorno _bFone _c2001 |
||
| 300 | _a12 cm. Stereo | ||
| 306 | _a69мин. 36сек. | ||
| 380 | _a7 | ||
| 590 | _aS.N: 101317 от КНИГИ | ||
| 650 | 4 |
_aДжаз _9153283 |
|
| 653 | _aджаз | ||
| 653 | _aБиг бенд | ||
| 852 |
_aЦб CD 434 _p0 |
||
| 856 | 4 |
_qpdf _u |
|
| 856 | 4 |
_qpdf _u |
|
| 942 |
_cCDD _n0 _01 |
||
| 944 |
_aCR _c06.02.2004 _kНаталия_Медовщикова |
||
| 944 |
_aED _c06.02.2004 _k |
||
| 999 |
_c221392 _d221392 |
||